| 000 | 01276cab a2200301 4500 | ||
|---|---|---|---|
| 001 | ABS58006 | ||
| 008 | 090401t1997 xxu||||| |||| 00| 0 eng d | ||
| 035 | _a(Sirsi) u82573 | ||
| 041 | _aeng | ||
| 100 | _aCapper, P. | ||
| 245 | _aArbitration and adjudication after 1996: Practice, procedures and opportunities | ||
| 260 | _c1997 | ||
| 350 | _a0 | ||
| 490 |
_aConstruction Law Journal _v13(6) 1997, 369-393(25) |
||
| 520 | _aExamines how the nature of adjudication, as introduced under the Housing Grants Construction and Regeneration Act 1996, has changed, and how the Latham recommendations have been implemented. | ||
| 650 | _aMANAGEMENT-DISPUTE AVOIDANCE, MANAGEMENT AND RESOLUTION-DISPUTE MANAGEMENT AND RESOLUTION-ALTERNATIVE DISPUTE RESOLUTION-ADJUDICATION | ||
| 650 | _aCAPE DURASTEEL LTD V ROSSER AND RUSSELL BUILDING SERVICES | ||
| 650 |
_aDISPUTE RESOLUTION _96236 |
||
| 650 | _aHOUSING GRANTS CONSTRUCTION AND REGENERATION ACT 1996 | ||
| 650 | _aLATHAM REFORMS | ||
| 650 | _aMULTI-STAGE DISPUTE RESOLUTION | ||
| 650 | _aNEC | ||
| 650 | _aNEW ENGINEERING CONTRACT | ||
| 650 | _aSET-OFF | ||
| 690 | _aMANAGEMENT-DISPUTE AVOIDANCE, MANAGEMENT AND RESOLUTION-DISPUTE MANAGEMENT AND RESOLUTION-ARBITRATION | ||
| 942 | _n0 | ||
| 948 | _c10/12/1997 | ||
| 999 |
_c52145 _d52145 |
||